Pasión Inmortal: la vida de Félix y Cecilia Mendelssohn
Saved in:
| Hovedforfatter: | |
|---|---|
| Format: | Bog |
| Sprog: | spansk |
| Udgivet: |
Buenos Aires
Circulo Literario
1957
|
| Fag: | |
| Tags: |
Tilføj Tag
Ingen Tags, Vær først til at tagge denne postø!
|
MARC
| LEADER | 00000nam a2200000 a 4500 | ||
|---|---|---|---|
| 001 | UCZ7918 | ||
| 003 | CL-VaPUC | ||
| 005 | 20240514135932.0 | ||
| 008 | 960112e19570000AG |||||||||||||||||spa|d | ||
| 999 | |c 243895 |d 243893 | ||
| 040 | |c Pontificia Universidad Católica de Valparaíso | ||
| 082 | 0 | 4 | |a 843 |b MUR |2 21 |
| 100 | |a La Mure, Pierre |e autor |9 352941 | ||
| 245 | 1 | 0 | |a Pasión Inmortal: la vida de Félix y Cecilia Mendelssohn |
| 260 | |a Buenos Aires |b Circulo Literario |c 1957 | ||
| 300 | |a 390 p | ||
| 583 | |a last modification |c 19960112 00:00:00 |k Rodrigo Vera | ||
| 600 | |a Mendelssohn Bartholdy, Felix, |d 1809-1847 |9 864759 | ||
| 600 | |a Mendelssohn Bartholdy, Cécile Charlotte Sophie, |d 1817-1853 |9 864818 | ||
| 650 | 0 | |a Novela francesa |9 264985 | |
| 942 | |c BK |2 ddc | ||
| 945 | |d 19960112 00:00:00 |a mcarcey | ||
| 952 | |0 0 |1 0 |4 0 |6 843_000000000000000_MUR_1957 |7 0 |8 A |9 257759 |a BIBEDU |b BIBEDU |d 2019-11-19 |i 3146391 |o 843 MUR 1957 |p 3146391 |r 2023-01-12 |w 2019-11-19 |y BK |k MUS | ||